000 00540nam a2200157 i 4500
001 41226
003 ES-MaACL
005 20230906160409.0
007 t|
008 030310s1917 sp ||||1| spa d
100 1 _aCases, Antonio.
_936292
245 1 3 _aLa opinión pública española
_b: su fomento y su utilización : conceptos y juicios críticos de los senadores y diputados de España /
_cAntonio Cases.
260 _aMadrid :
_b[s.n.],
_c1917 (
_fImp. Gráfica Evcelsior)
300 _a120 p. ;
_c24 cm.
852 _aES-MaACL
_j1606-F-6
999 _c41226
_d41226